[Event "CYCC U10"]
[Site "Windsor CAN"]
[Date "2016.07.07"]
[Round "5.81"]
[White "Noor Ali, Aahil"]
[Black "Chen, Max"]
[Result "1/2-1/2"]
[WhiteElo "2070"]
[BlackElo "2007"]
[PlyCount "113"]
[EventDate "2016.07.05"]
[EventType "swiss"]
[EventRounds "7"]
[EventCountry "CAN"]

1. d4 Nf6 2. c4 g6 3. Nc3 d5 4. cxd5 Nxd5 5. e4 Nxc3 6. bxc3 Bg7 7. Bc4 c5 8.
Ne2 O-O 9. O-O Nc6 10. Be3 Qc7 11. Rc1 Rd8 12. Qa4 a6 13. Bf4 e5 14. Bg5 Re8
15. d5 Qa5 16. Qxa5 Nxa5 17. Bd3 b6 18. c4 Bd7 19. Bd2 Nb7 20. Rb1 b5 21. cxb5
Bxb5 22. Bxb5 axb5 23. Rxb5 Nd6 24. Rb2 Nxe4 25. Be3 Bf8 26. Rc1 Rec8 27. g3
Ra7 28. f3 Nf6 29. Nc3 Rd7 30. Rd2 c4 31. Bg5 Kg7 32. Kg2 Bb4 33. Rdc2 Bxc3 34.
Rxc3 Ra8 35. Bxf6+ Kxf6 36. R1c2 Rxd5 37. Rxc4 Rda5 38. f4 Rxa2 39. Rc6+ Kf5
40. fxe5 Kxe5 41. R6c5+ Kf6 42. Rc6+ Kg7 43. h4 h5 44. Kf3 Rxc2 45. Rxc2 Ra3+
46. Kf4 Ra4+ 47. Kf3 Rg4 48. Rc6 f5 49. Rc7+ Kh6 50. Rc6 Rd4 51. Re6 Rg4 52.
Re1 Ra4 53. Re7 Rg4 54. Re6 Ra4 55. Re7 Ra3+ 56. Kf2 Ra2+ 57. Kf3 1/2-1/2

[Event "CYCC U10"]
[Site "Windsor CAN"]
[Date "2016.07.07"]
[Round "5.82"]
[White "Issani, Nameer"]
[Black "Zhou, Aiden"]
[Result "1-0"]
[WhiteElo "2145"]
[BlackElo "1847"]
[PlyCount "115"]
[EventDate "2016.07.05"]
[EventType "swiss"]
[EventRounds "7"]
[EventCountry "CAN"]

1. d4 Nf6 2. c4 Nc6 3. Nf3 e6 4. Nc3 Bb4 5. Qc2 d6 6. e3 O-O 7. Bd3 Re8 8. O-O
h6 9. Ne4 Nxe4 10. Bxe4 d5 11. Bh7+ Kh8 12. c5 e5 13. Bf5 e4 14. Bxc8 Rxc8 15.
Nd2 Bxd2 16. Bxd2 f5 17. f4 Qf6 18. Bc3 Ne7 19. Qe2 c6 20. h3 Rg8 21. Kh2 Qf7
22. g4 g6 23. Rg1 Kh7 24. Raf1 Rce8 25. Ba5 Rc8 26. Be1 Rce8 27. b4 a6 28. a4
Ra8 29. Bh4 Rge8 30. Rb1 Qe6 31. Rg2 Rg8 32. b5 axb5 33. axb5 fxg4 34. hxg4 g5
35. f5 Qf7 36. Bg3 h5 37. Be5 h4 38. Qf1 Ra3 39. Rgb2 Rxe3 40. bxc6 Rf3 41. Qg2
bxc6 42. Rb7 Kh6 43. f6 Rxf6 44. Bxf6 Qxf6 45. Rf1 Qe6 46. Qf2 Ng6 47. Qf7 Qxf7
48. Rfxf7 Nf4 49. Rh7+ Kg6 50. Rhc7 Re8 51. Rxc6+ Re6 52. Rxe6+ Nxe6 53. c6 e3
54. c7 e2 55. c8=Q Nc7 56. Rxc7 e1=Q 57. Qf5+ Kh6 58. Rh7# 1-0

[Event "CYCC U10"]
[Site "Windsor CAN"]
[Date "2016.07.07"]
[Round "5.83"]
[White "Rusonik, Mark"]
[Black "Bui, Alan"]
[Result "1-0"]
[WhiteElo "1817"]
[BlackElo "1417"]
[PlyCount "89"]
[EventDate "2016.07.05"]
[EventType "swiss"]
[EventRounds "7"]
[EventCountry "CAN"]

1. e4 e5 2. f4 d5 3. exd5 exf4 4. Nf3 Nf6 5. Bc4 Nxd5 6. O-O Be6 7. Qe2 Be7 8.
d4 O-O 9. c3 c5 10. Bxd5 Bxd5 11. Bxf4 Nc6 12. dxc5 Bxc5+ 13. Kh1 Qb6 14. b4
Be7 15. b5 Na5 16. Qxe7 Qxb5 17. Na3 Qa4 18. Qb4 Qxb4 19. cxb4 Nc6 20. Nc2 Rfe8
21. Bg3 Be4 22. Ncd4 Rad8 23. Nxc6 bxc6 24. Rf2 Rd7 25. Re1 Rde7 26. Rfe2 f5
27. Nd4 Kf7 28. Kg1 g6 29. Bh4 Rd7 30. Nxc6 Re6 31. Nd8+ Rxd8 32. Bxd8 Rd6 33.
Bg5 Rd4 34. a3 Rd3 35. Re3 Rd5 36. Kf2 Rd2+ 37. R1e2 Rd5 38. Ke1 Kg7 39. Rd2
Rb5 40. Rd7+ Kg8 41. Rc3 Bb7 42. Rc5 Rb6 43. Re5 Kf8 44. Bh6+ Kg8 45. Re8# 1-0

[Event "CYCC U10"]
[Site "Windsor CAN"]
[Date "2016.07.07"]
[Round "5.84"]
[White "Kang, Dorian"]
[Black "Jacobs, Michael"]
[Result "1-0"]
[WhiteElo "1790"]
[BlackElo "1380"]
[PlyCount "59"]
[EventDate "2016.07.05"]
[EventType "swiss"]
[EventRounds "7"]
[EventCountry "CAN"]

1. c4 e5 2. Nc3 Nf6 3. Nf3 Nc6 4. g3 Bb4 5. Bg2 O-O 6. O-O Bxc3 7. bxc3 d6 8.
d4 h6 9. Ba3 Re8 10. c5 dxc5 11. Bxc5 b6 12. Ba3 Rb8 13. dxe5 Qxd1 14. Rfxd1
Nxe5 15. Nxe5 Rxe5 16. Rd8+ Re8 17. Rad1 Be6 18. Rxb8 Rxb8 19. Rd2 Nd7 20. f4
g5 21. e4 f5 22. g4 Nf6 23. gxf5 Bc4 24. e5 Nh7 25. Rd7 gxf4 26. Rxc7 Bb5 27.
Bd5+ Kh8 28. e6 Rd8 29. c4 Nf6 30. Bb2 1-0

[Event "CYCC U10"]
[Site "Windsor CAN"]
[Date "2016.07.07"]
[Round "5.85"]
[White "Zhu, Max"]
[Black "Gu, Chuyang"]
[Result "0-1"]
[WhiteElo "1460"]
[BlackElo "1632"]
[PlyCount "64"]
[EventDate "2016.07.05"]
[EventType "swiss"]
[EventRounds "7"]
[EventCountry "CAN"]

1. e4 c5 2. Be2 d6 3. f4 Nc6 4. Nf3 Nf6 5. d3 g6 6. c3 Bg7 7. Na3 O-O 8. O-O a6
9. Kh1 b5 10. Nc2 Qc7 11. Be3 Bb7 12. Qd2 Rfe8 13. f5 Rac8 14. h3 d5 15. Bf4
Qb6 16. e5 Nd7 17. e6 fxe6 18. fxe6 Nf6 19. Bh6 Rf8 20. Bxg7 Kxg7 21. Ng5 Nd8
22. Rae1 h6 23. Nf7 Nxf7 24. exf7 Rxf7 25. Bg4 Re8 26. Re6 Qc7 27. Qf2 Ref8 28.
Qe2 Bc8 29. Re3 Bxg4 30. hxg4 Nxg4 31. Rxf7+ Rxf7 32. Rh3 Nf2+ 0-1

[Event "CYCC U10"]
[Site "Windsor CAN"]
[Date "2016.07.07"]
[Round "5.86"]
[White "Imoo, Joshua"]
[Black "Guipi Bopala, Prince Eric jr"]
[Result "0-1"]
[WhiteElo "1072"]
[BlackElo "1499"]
[PlyCount "76"]
[EventDate "2016.07.05"]
[EventType "swiss"]
[EventRounds "7"]
[EventCountry "CAN"]

1. e4 e5 2. Nf3 Nc6 3. Bc4 Nf6 4. d3 Bc5 5. O-O h6 6. Re1 d6 7. c3 Be6 8. Bxe6
fxe6 9. Qb3 Qc8 10. Nbd2 O-O 11. Nf1 Bb6 12. Be3 Qe8 13. Ng3 Kh8 14. d4 exd4
15. Bxd4 Nxd4 16. cxd4 Nd7 17. Qc3 e5 18. d5 Nf6 19. Qd2 Qg6 20. h3 Qxg3 21. a4
Nxe4 22. Rxe4 Rxf3 23. Rf1 Raf8 24. Rg4 Rxf2 25. Rxf2 Rxf2 26. Rxg3 Rxd2+ 27.
Kf1 Rxb2 28. Ra3 Rd2 29. a5 Bc5 30. Rb3 b6 31. a6 Rxd5 32. Rf3 Kg8 33. g4 Rd2
34. g5 hxg5 35. Rf8+ Kxf8 36. Ke1 Be3 37. h4 gxh4 38. Kf1 h3 0-1

[Event "CYCC U10"]
[Site "Windsor CAN"]
[Date "2016.07.07"]
[Round "5.87"]
[White "Dinatolo, Zack"]
[Black "Balachandran, Kousihan"]
[Result "1/2-1/2"]
[WhiteElo "1416"]
[BlackElo "1525"]
[PlyCount "157"]
[EventDate "2016.07.05"]
[EventType "swiss"]
[EventRounds "7"]
[EventCountry "CAN"]

1. e4 c5 2. c3 Nf6 3. e5 Nd5 4. d4 cxd4 5. cxd4 d6 6. exd6 Qxd6 7. Nf3 Nc6 8.
Nc3 Nb6 9. Be2 a6 10. O-O Be6 11. Be3 g6 12. Qd2 Bg7 13. Rad1 Nc4 14. Bxc4 Bxc4
15. Rfe1 Bd5 16. Nxd5 Qxd5 17. Bh6 O-O 18. Bxg7 Kxg7 19. Ne5 Rad8 20. Nxc6 bxc6
21. Rxe7 Qxa2 22. Re3 c5 23. d5 Qa4 24. Rh3 Qb4 25. Qxb4 cxb4 26. Rh4 a5 27.
Rf4 Rfe8 28. h3 Re5 29. Rfd4 Rd6 30. f4 Re3 31. R1d3 Rxd3 32. Rxd3 Kf6 33. Kf2
Kf5 34. Ke3 Kf6 35. Kd4 Ke7 36. Kc5 Ra6 37. Kb5 Ra8 38. Kb6 Kd7 39. d6 a4 40.
Kc5 a3 41. b3 h5 42. Rd1 Rb8 43. Re1 Re8 44. Rd1 Re4 45. g3 f6 46. Rd2 g5 47.
Rf2 gxf4 48. gxf4 f5 49. Rg2 h4 50. Rg7+ Kd8 51. Rg8+ Re8 52. Rg7 Re4 53. Kc6
Re3 54. Rg8+ Re8 55. Rxe8+ Kxe8 56. Kc7 a2 57. d7+ Kf7 58. d8=Q a1=Q 59. Qd7+
Kf8 60. Qxf5+ Kg8 61. Qe6+ Kf8 62. Qh6+ Qg7+ 63. Qxg7+ Kxg7 64. Kc6 Kf6 65. Kc5
Kf5 66. Kxb4 Kxf4 67. Kc5 Kg3 68. b4 Kxh3 69. b5 Kg2 70. b6 h3 71. b7 h2 72.
b8=Q h1=Q 73. Qg8+ Kf2 74. Qf7+ Kg2 75. Qd5+ Kg1 76. Qd1+ Kh2 77. Qh5+ Kg1 78.
Qg5+ Qg2 79. Qxg2+ 1/2-1/2

[Event "CYCC U10"]
[Site "Windsor CAN"]
[Date "2016.07.07"]
[Round "5.88"]
[White "Ivanescu, Mark"]
[Black "Wu, Lucian"]
[Result "1-0"]
[WhiteElo "1603"]
[BlackElo "1320"]
[PlyCount "87"]
[EventDate "2016.07.05"]
[EventType "swiss"]
[EventRounds "7"]
[EventCountry "CAN"]

1. d4 Nf6 2. Nf3 g6 3. Bf4 Bg7 4. e3 O-O 5. Nbd2 d6 6. Bd3 Nc6 7. O-O Nh5 8.
Bg5 h6 9. Bh4 g5 10. Nxg5 Nf6 11. Ngf3 Kh8 12. c3 Rg8 13. Qc2 a6 14. Rfe1 Bf8
15. Bg3 Nh5 16. Nf1 Nf6 17. N1d2 Nh5 18. Rf1 Nf6 19. Ne4 Nh5 20. Kh1 Bg4 21.
Ned2 Qd7 22. Rae1 Nd8 23. e4 Rb8 24. e5 d5 25. Be2 Ne6 26. Ng1 Ng5 27. Qd1 Bxe2
28. Qxe2 Ng7 29. Ngf3 N7e6 30. Qd3 b5 31. Qf5 Qe8 32. Re3 Ng7 33. Qc2 N7e6 34.
Bh4 Rc8 35. Nxg5 Nxg5 36. Bxg5 Rxg5 37. Rg3 Rg7 38. Nb3 e6 39. Qd2 Rg8 40. Rh3
Rg6 41. f4 Qe7 42. f5 Rg5 43. f6 Qe8 44. Qxg5 1-0

[Event "CYCC U10"]
[Site "Windsor CAN"]
[Date "2016.07.07"]
[Round "5.90"]
[White "Fedyushchenko, Alexander"]
[Black "Feng, Richard2"]
[Result "0-1"]
[WhiteElo "1136"]
[BlackElo "761"]
[PlyCount "88"]
[EventDate "2016.07.05"]
[EventType "swiss"]
[EventRounds "7"]
[EventCountry "CAN"]

1. e4 c6 2. d4 d5 3. e5 f6 4. exf6 Nxf6 5. Nf3 e6 6. Bd3 Bd6 7. Bg5 O-O 8. Ne5
Nbd7 9. Ng4 Qb6 10. b3 Kh8 11. Nxf6 Nxf6 12. c3 c5 13. Be3 cxd4 14. Bxd4 Qc7
15. g3 e5 16. Be3 e4 17. Be2 Be5 18. Qd2 Ng4 19. h3 Nxe3 20. Qxe3 Bf6 21. g4 h6
22. f4 Bh4+ 23. Kd1 Qxf4 24. Qc5 Be6 25. Qb4 b6 26. Qb5 e3 27. Qc6 Rfe8 28. Rf1
Bf2 29. Na3 d4 30. Nb5 dxc3 31. Qxc3 Red8+ 32. Bd3 Qf3+ 33. Kc2 Rac8 34. Bc4
Bxc4 35. bxc4 Qe2+ 36. Kb3 Rd3 37. Rxf2 exf2 38. Qxd3 Qxd3+ 39. Nc3 Qxc4+ 40.
Ka3 Qxc3+ 41. Ka4 Qxa1 42. h4 Qb2 43. a3 f1=Q 44. g5 Qa6# 0-1

[Event "CYCC U10"]
[Site "Windsor CAN"]
[Date "2016.07.07"]
[Round "5.91"]
[White "Xie, Austin"]
[Black "Xing, Blair"]
[Result "1-0"]
[WhiteElo "1638"]
[BlackElo "924"]
[PlyCount "59"]
[EventDate "2016.07.05"]
[EventType "swiss"]
[EventRounds "7"]
[EventCountry "CAN"]

1. e4 e5 2. Nf3 Nc6 3. Bb5 a6 4. Bxc6 dxc6 5. O-O Bg4 6. h3 Be6 7. Nc3 Nf6 8.
Nxe5 Nxe4 9. Nxe4 Qd5 10. Nxf7 Bxf7 11. Nc3 Qg5 12. Re1+ Be7 13. d3 Qg6 14. Bf4
Be6 15. Qe2 O-O 16. Qxe6+ Qxe6 17. Rxe6 Bc5 18. Bg3 Kf7 19. Rae1 b5 20. Rxc6
Bd4 21. Rxc7+ Kg8 22. Ree7 a5 23. Nxb5 Bxb2 24. c3 Rfe8 25. Rxg7+ Kh8 26. Rxh7+
Kg8 27. Rcg7+ Kf8 28. Bd6+ Re7 29. Rxe7 Kg8 30. Reg7# 1-0

[Event "CYCC U10"]
[Site "Windsor CAN"]
[Date "2016.07.07"]
[Round "5.92"]
[White "Ren, Alexander"]
[Black "Jeyakumar, Bhavatharshan"]
[Result "0-1"]
[WhiteElo "918"]
[BlackElo "1416"]
[PlyCount "90"]
[EventDate "2016.07.05"]
[EventType "swiss"]
[EventRounds "7"]
[EventCountry "CAN"]

1. e4 c5 2. Nf3 Nc6 3. d4 cxd4 4. Nxd4 Qc7 5. Nc3 e6 6. Be2 Nf6 7. O-O Bb4 8.
Bf3 O-O 9. Nxc6 bxc6 10. Bd2 Bb7 11. a3 Bc5 12. Be3 Bxe3 13. fxe3 Qb6 14. Qd2
Qc7 15. b4 d5 16. Qd3 Rfd8 17. Qe2 Rac8 18. Na4 dxe4 19. Bg4 Ba6 20. Qxa6 Nxg4
21. Rf4 Nxe3 22. Qe2 Qxf4 23. Re1 Ng4 24. g3 Qg5 25. Qxe4 Nxh2 26. Kxh2 Rd2+
27. Kh3 Qh5+ 28. Qh4 Qf5+ 29. Qg4 Rh2+ 30. Kxh2 Qxg4 31. Re3 Qh5+ 32. Kg2 Qd5+
33. Kh3 Qh1+ 34. Kg4 h5+ 35. Kf4 Qf1+ 36. Rf3 g5+ 37. Ke3 Qe1+ 38. Kd4 Rd8+ 39.
Kc4 Qe2+ 40. Rd3 Qxc2+ 41. Rc3 Qxa4 42. Kc5 Rd5+ 43. Kc4 c5 44. Rb3 cxb4 45.
Rxb4 Qc2# 0-1

[Event "CYCC U10"]
[Site "Windsor CAN"]
[Date "2016.07.07"]
[Round "5.93"]
[White "Brassard, Mathieu"]
[Black "De Costa, Benjamin"]
[Result "0-1"]
[WhiteElo "875"]
[BlackElo "1394"]
[PlyCount "68"]
[EventDate "2016.07.05"]
[EventType "swiss"]
[EventRounds "7"]
[EventCountry "CAN"]

1. e4 c5 2. Qf3 Nc6 3. Bc4 Ne5 4. Qf5 Nxc4 5. Nh3 e6 6. Qf3 b6 7. d3 Ne5 8. Qf4
Bd6 9. Ng5 Nxd3+ 10. Ke2 Nxf4+ 11. Ke3 Nxg2+ 12. Kf3 Nh4+ 13. Ke2 Bb7 14. Rf1
Be7 15. Nf3 Bxe4 16. Nxh4 Bxh4 17. Be3 Bf6 18. Nc3 Bxc2 19. Rac1 Bg6 20. Nb5 d5
21. Bf4 e5 22. Be3 c4 23. Rfd1 e4 24. f3 Bh5 25. Rc2 Bxf3+ 26. Ke1 Bh4+ 27. Bf2
Bxf2+ 28. Kxf2 Bxd1 29. Rd2 Qf6+ 30. Ke3 Qh6+ 31. Kf2 Qxd2+ 32. Kg3 O-O-O 33.
Kh3 Qe2 34. Kh4 Qg4# 0-1

[Event "CYCC U10"]
[Site "Windsor CAN"]
[Date "2016.07.07"]
[Round "5.94"]
[White "Jasniewicz, Karol"]
[Black "Zhao, Tianjiu"]
[Result "1-0"]
[WhiteElo "848"]
[BlackElo "1016"]
[PlyCount "99"]
[EventDate "2016.07.05"]
[EventType "swiss"]
[EventRounds "7"]
[EventCountry "CAN"]

1. e4 e5 2. Nf3 Nc6 3. Bc4 Nf6 4. Nc3 Nxe4 5. Nxe4 d5 6. Bxd5 Qxd5 7. Nc3 Qd8
8. d3 Bg4 9. O-O Nd4 10. Qe1 Nxf3+ 11. gxf3 Bxf3 12. Qxe5+ Qe7 13. Qg3 Bc6 14.
Bd2 O-O-O 15. Rae1 Qd6 16. Bf4 Qd7 17. Re2 g6 18. Rfe1 Bb4 19. Be5 Bxc3 20.
Bxc3 Qd5 21. f3 Qxf3 22. Qxf3 Bxf3 23. Re3 Bd5 24. Bxh8 Rxh8 25. c4 Be6 26. Kf2
Kd7 27. Kf3 c6 28. Kf4 Kd6 29. Re4 c5 30. d4 Bxc4 31. dxc5+ Kxc5 32. Rc1 b5 33.
b3 f5 34. Re5+ Kb4 35. bxc4 bxc4 36. Re3 Rc8 37. Rec3 Rc5 38. a3+ Kb5 39. Rb1+
Kc6 40. Ke3 Kd5 41. Rd1+ Kc6 42. a4 a5 43. Rd4 Re5+ 44. Kf4 Re4+ 45. Rxe4 fxe4
46. Rxc4+ Kd5 47. Rxe4 h6 48. Re5+ Kd4 49. Rxa5 Kc4 50. Rb5 1-0

[Event "CYCC U10"]
[Site "Windsor CAN"]
[Date "2016.07.07"]
[Round "5.95"]
[White "Zaid, Daniyal"]
[Black "Gaisinsky, Jacob"]
[Result "0-1"]
[WhiteElo "584"]
[BlackElo "999"]
[PlyCount "110"]
[EventDate "2016.07.05"]
[EventType "swiss"]
[EventRounds "7"]
[EventCountry "CAN"]

1. e4 e5 2. Nf3 Nc6 3. Bc4 Bc5 4. d3 d6 5. Ng5 Nh6 6. h3 O-O 7. Qh5 Qf6 8. O-O
Nd4 9. Na3 Kh8 10. Be3 Bxa3 11. bxa3 Nxc2 12. Rac1 Nxa3 13. Rfd1 Nxc4 14. Rxc4
c6 15. d4 Re8 16. Rf1 d5 17. dxe5 Rxe5 18. Bd4 Rxg5 19. Bxf6 Rxh5 20. exd5 cxd5
21. Rf4 gxf6 22. Rxf6 Kg7 23. Rf4 Rg5 24. Kh2 b6 25. Rc1 Bb7 26. Rc7 Rb8 27. f3
Re5 28. g4 Re2+ 29. Kg3 Kg6 30. h4 Re1 31. Kf2 Rh1 32. g5 Nf5 33. Rxf7 Kxf7 34.
Rxf5+ Kg6 35. Rf6+ Kg7 36. Kg3 Rf8 37. Rd6 d4 38. f4 Rg8 39. Rd7+ Kg6 40. Rxb7
h6 41. Rd7 hxg5 42. fxg5 Rd1 43. Rd6+ Kf5 44. g6 Rxg6+ 45. Rxg6 Kxg6 46. Kf3
Re1 47. Kg4 d3 48. h5+ Kh6 49. a4 d2 50. Kf4 d1=Q 51. a5 Qd2+ 52. Kg3 Re3+ 53.
Kf4 Qd4+ 54. Kf5 Re5+ 55. Kf6 Qd6+ 0-1

[Event "CYCC U10"]
[Site "Windsor CAN"]
[Date "2016.07.07"]
[Round "5.96"]
[White "Joseph Benher, Savio"]
[Black "Yuan, Kevin"]
[Result "1-0"]
[WhiteElo "721"]
[BlackElo "979"]
[PlyCount "151"]
[EventDate "2016.07.05"]
[EventType "swiss"]
[EventRounds "7"]
[EventCountry "CAN"]

1. e4 e5 2. Nf3 Nc6 3. Bc4 Bc5 4. O-O Nf6 5. Nc3 d6 6. h3 O-O 7. d3 h6 8. Be3
Bb6 9. Qd2 Be6 10. Nd5 Bxd5 11. Bxd5 Nxd5 12. exd5 Ba5 13. Qc1 Ne7 14. c4 Nf5
15. Bd2 Bb6 16. Qc2 Qd7 17. Bc3 Rfe8 18. Rfe1 Rac8 19. d4 exd4 20. Bd2 Re7 21.
Rxe7 Nxe7 22. Qd3 Qf5 23. Qe2 Ng6 24. Rd1 Qc2 25. Kf1 Kf8 26. Bc1 Qxe2+ 27.
Kxe2 Re8+ 28. Kf1 Re4 29. Nd2 Re5 30. b3 c5 31. dxc6 bxc6 32. Nf3 Ra5 33. Nxd4
Rxa2 34. Nxc6 Rxf2+ 35. Ke1 Rxg2 36. Rxd6 Rg3 37. c5 Bc7 38. Rd7 Ne5 39. Rxc7
Nxc6 40. Rxc6 Rxh3 41. Ra6 Rxb3 42. c6 Rc3 43. Bf4 g5 44. Bh2 g4 45. Kf2 h5 46.
c7 h4 47. Bf4 Rf3+ 48. Kg2 Rxf4 49. c8=Q+ Kg7 50. Qc3+ Kg8 51. Rxa7 h3+ 52. Kg3
Rf3+ 53. Qxf3 gxf3 54. Kxf3 h2 55. Kg2 h1=Q+ 56. Kxh1 Kg7 57. Kg2 Kg6 58. Kf3
f6 59. Kg4 f5+ 60. Kf4 Kf6 61. Ra6+ Ke7 62. Kxf5 Kd7 63. Ke5 Kc7 64. Kd5 Kb7
65. Rh6 Kc7 66. Rg6 Kb7 67. Kc5 Ka7 68. Kb5 Kb7 69. Rg7+ Kc8 70. Kc6 Kd8 71.
Kd6 Ke8 72. Ke6 Kf8 73. Ra7 Kg8 74. Kf6 Kh8 75. Kg6 Kg8 76. Ra8# 1-0

[Event "CYCC U10"]
[Site "Windsor CAN"]
[Date "2016.07.07"]
[Round "5.97"]
[White "Vo, Andy"]
[Black "Marcelloni, Jacob"]
[Result "1-0"]
[WhiteElo "1406"]
[BlackElo "686"]
[PlyCount "59"]
[EventDate "2016.07.05"]
[EventType "swiss"]
[EventRounds "7"]
[EventCountry "CAN"]

1. e4 c5 2. Nf3 Nc6 3. d4 cxd4 4. Nxd4 Qb6 5. Nxc6 Qxc6 6. Nc3 d6 7. Bb5 Qxb5
8. Nxb5 Nf6 9. Nc7+ Kd8 10. Nxa8 Nxe4 11. O-O Bf5 12. Qd5 e6 13. Qxb7 Nc5 14.
Qc7+ Ke8 15. Be3 Na6 16. Qc6+ Ke7 17. Rad1 d5 18. Rfe1 Kf6 19. Bd4+ Kg5 20. Qc3
Bb4 21. Qe3+ Kh4 22. Qg3+ Kh5 23. Be3 f6 24. Rd4 g5 25. h4 h6 26. c3 Bc5 27.
Rd2 Bxe3 28. Rxe3 Rxa8 29. hxg5 hxg5 30. Qd6 1-0

[Event "CYCC U10"]
[Site "Windsor CAN"]
[Date "2016.07.07"]
[Round "5.98"]
[White "Lodhi, Rayyan"]
[Black "Si, Patrick"]
[Result "1/2-1/2"]
[WhiteElo "672"]
[BlackElo "931"]
[PlyCount "164"]
[EventDate "2016.07.05"]
[EventType "swiss"]
[EventRounds "7"]
[EventCountry "CAN"]

1. c4 e5 2. g3 Bc5 3. Bg2 d6 4. Nc3 Be6 5. d3 h6 6. Bxb7 Nd7 7. Bxa8 Qxa8 8.
Nf3 Ne7 9. Ne4 Bb6 10. Bd2 c5 11. Nxd6+ Kd8 12. O-O Qc6 13. Ne4 Bh3 14. Re1 Nf5
15. Bc3 Re8 16. Ned2 Re6 17. e4 Nd4 18. Bxd4 cxd4 19. b4 Qb7 20. a4 a5 21. bxa5
Bxa5 22. Qb3 Qa8 23. Red1 f5 24. Rab1 f4 25. Qb7 Qxb7 26. Rxb7 fxg3 27. hxg3
Rg6 28. Kh2 Nc5 29. Ra7 Bb6 30. Ra8+ Kc7 31. Kxh3 Nxd3 32. a5 Nxf2+ 33. Kg2
Nxd1 34. Nxe5 Ne3+ 35. Kh3 Re6 36. axb6+ Kxb6 37. Rb8+ Kc7 38. Rb5 h5 39. Rc5+
Kd6 40. Nd3 Rh6 41. e5+ Ke7 42. Nf3 Nf5 43. Nh4 Ke6 44. Nxf5 Kxf5 45. Kg2 g5
46. Kf3 g4+ 47. Kg2 h4 48. gxh4 Rxh4 49. Rb5 Rh8 50. c5 Ke4 51. Nf2+ Kxe5 52.
Nd3+ Kd5 53. Nb4+ Kc4 54. Rb7 Kxc5 55. Nd3+ Kc4 56. Ne5+ Kd5 57. Nf7 Rf8 58.
Nh6 Kc6 59. Ra7 Kc5 60. Nxg4 Rg8 61. Kf3 Kc4 62. Nf6 Rf8 63. Rc7+ Kd3 64. Rc6
Kd2 65. Ke4 d3 66. Rd6 Kc2 67. Rxd3 Rxf6 68. Rh3 Re6+ 69. Kd4 Rd6+ 70. Ke5 Rd3
71. Rh2+ Rd2 72. Rh4 Re2+ 73. Kd4 Rd2+ 74. Kc4 Re2 75. Rh3 Kd2 76. Kd4 Kd1 77.
Kc3 Rc2+ 78. Kd3 Rd2+ 79. Kc3 Rc2+ 80. Kd3 Kc1 81. Rh1+ Kb2 82. Rd1 Rc3+
1/2-1/2

[Event "CYCC U10"]
[Site "Windsor CAN"]
[Date "2016.07.07"]
[Round "5.100"]
[White "Hasanov, Tahir"]
[Black "Selvanayayam, Adithan"]
[Result "1/2-1/2"]
[WhiteElo "608"]
[BlackElo "799"]
[PlyCount "34"]
[EventDate "2016.07.05"]
[EventType "swiss"]
[EventRounds "7"]
[EventCountry "CAN"]

1. e4 e5 2. Nf3 Bd6 3. Bc4 Nf6 4. d3 O-O 5. O-O Nc6 6. Nc3 Na5 7. Bg5 Be7 8.
Nxe5 d6 9. Nf3 Bg4 10. d4 Nxc4 11. b3 Na5 12. e5 dxe5 13. dxe5 Nd7 14. Nd5 Bxg5
15. Re1 Nb6 16. Nf6+ Bxf6 17. exf6 Qxf6 1/2-1/2

[Event "CYCC U10"]
[Site "Windsor CAN"]
[Date "2016.07.07"]
[Round "5.103"]
[White "Aubin, Felix"]
[Black "Yim, Justin"]
[Result "0-1"]
[WhiteElo "792"]
[BlackElo "708"]
[PlyCount "54"]
[EventDate "2016.07.05"]
[EventType "swiss"]
[EventRounds "7"]
[EventCountry "CAN"]

1. e4 e5 2. Bc4 Nf6 3. h4 Nxe4 4. Qf3 Nf6 5. h5 h6 6. Bb3 Nc6 7. Qd3 Be7 8. Qc4
O-O 9. Rh3 d5 10. Qd3 Bxh3 11. Nxh3 e4 12. Qg3 Bd6 13. Qh4 Nd4 14. Ba4 Rb8 15.
Nc3 b5 16. Bxb5 Nxc2+ 17. Kd1 Nxa1 18. Nf4 Bxf4 19. Qxf4 d4 20. Nxe4 Nxe4 21.
Qxe4 Rxb5 22. b3 Re8 23. Qf5 Rxf5 24. Ba3 d3 25. Bd6 Qxd6 26. g3 Rxh5 27. b4
Rh1# 0-1

[Event "CYCC U10"]
[Site "Windsor CAN"]
[Date "2016.07.08"]
[Round "6.81"]
[White "Chen, Max"]
[Black "Issani, Nameer"]
[Result "1/2-1/2"]
[WhiteElo "2007"]
[BlackElo "2145"]
[PlyCount "82"]
[EventDate "2016.07.05"]
[EventType "swiss"]
[EventRounds "7"]
[EventCountry "CAN"]

1. e4 e5 2. f4 exf4 3. Nf3 Nf6 4. Nc3 d6 5. d4 Nh5 6. Bc4 Be6 7. d5 Bg4 8. O-O
g6 9. h3 Bxf3 10. Qxf3 Bg7 11. Ne2 Nd7 12. Nxf4 Bd4+ 13. Kh2 Ne5 14. Qd1 Nxf4
15. Qxd4 Nh5 16. Bb5+ Kf8 17. Bh6+ Kg8 18. Qf2 Qe7 19. Be2 Ng7 20. Qf4 Re8 21.
Kh1 a6 22. a4 Rc8 23. Bg5 Qe8 24. Bh6 Qe7 25. c4 Ne8 26. Bg5 Qf8 27. Qf2 h6 28.
Bd2 Qe7 29. Bc3 Kg7 30. Bg4 Rd8 31. Qa7 h5 32. Be2 g5 33. Qxb7 g4 34. Qa7 Qg5
35. Qf2 Nf6 36. Qf4 Qg6 37. Rae1 gxh3 38. gxh3 Qxe4+ 39. Qxe4 Nxe4 40. Bxe5+
dxe5 41. Rg1+ Kf6 1/2-1/2

[Event "CYCC U10"]
[Site "Windsor CAN"]
[Date "2016.07.08"]
[Round "6.82"]
[White "Gu, Chuyang"]
[Black "Noor Ali, Aahil"]
[Result "0-1"]
[WhiteElo "1632"]
[BlackElo "2070"]
[PlyCount "134"]
[EventDate "2016.07.05"]
[EventType "swiss"]
[EventRounds "7"]
[EventCountry "CAN"]

1. e4 e5 2. Nf3 Nc6 3. Bb5 a6 4. Ba4 Nf6 5. O-O Be7 6. Re1 b5 7. Bb3 d6 8. c3
O-O 9. h3 Nb8 10. d4 Nbd7 11. Nbd2 c5 12. Nf1 Re8 13. Ng3 Bf8 14. a4 Bb7 15. d5
g6 16. Bg5 Bg7 17. c4 bxc4 18. Bxc4 Nb6 19. b3 Nxc4 20. bxc4 a5 21. Qc2 Qc7 22.
Ne2 Ba6 23. Nd2 h6 24. Be3 Nh5 25. Nc3 Nf4 26. Nb5 Qd8 27. Nf3 f5 28. Rab1 Rf8
29. Bxf4 exf4 30. exf5 Rxf5 31. Re6 Bxb5 32. Rxg6 Bd7 33. Rxd6 Rf6 34. Rxf6
Qxf6 35. Qb3 Bf5 36. Re1 Qb2 37. Qd1 Qc2 38. d6 Qxd1 39. Rxd1 Rd8 40. Rd5 Be6
41. Rxc5 Rxd6 42. Rxa5 Bxc4 43. Rf5 Rf6 44. Rxf6 Bxf6 45. Nh2 Be2 46. Ng4 Bg7
47. Nh2 Kf7 48. Ng4 h5 49. Nh2 Ke6 50. g3 f3 51. a5 Kd5 52. h4 Bf6 53. g4 hxg4
54. Nxg4 Bxh4 55. Kh2 Bd8 56. a6 Bc7+ 57. Kg1 Bxa6 58. Ne3+ Ke4 59. Nf1 Bxf1
60. Kxf1 Kd3 61. Kg1 Ke2 62. Kh1 Bb6 63. Kh2 Kxf2 64. Kh1 Ke1 65. Kh2 f2 66.
Kg3 f1=Q 67. Kh2 Bc7# 0-1

[Event "CYCC U10"]
[Site "Windsor CAN"]
[Date "2016.07.08"]
[Round "6.83"]
[White "Guipi Bopala, Prince Eric jr"]
[Black "Rusonik, Mark"]
[Result "1/2-1/2"]
[WhiteElo "1499"]
[BlackElo "1817"]
[PlyCount "80"]
[EventDate "2016.07.05"]
[EventType "swiss"]
[EventRounds "7"]
[EventCountry "CAN"]

1. d4 f5 2. c4 Nf6 3. Nc3 g6 4. Bg5 Bg7 5. e3 d6 6. Nf3 O-O 7. Bd3 c6 8. Qc2
Qe8 9. O-O-O Na6 10. a3 e5 11. Bxf6 Bxf6 12. dxe5 dxe5 13. e4 Nc5 14. Rhe1 f4
15. Rd2 Be6 16. Be2 Qe7 17. Red1 a5 18. Na4 Nd7 19. Rd6 c5 20. Qb3 Rab8 21. Qb5
Rfd8 22. Nxc5 Nxc5 23. Rxd8+ Rxd8 24. Rxd8+ Qxd8 25. Qxc5 Bg4 26. h3 Bxf3 27.
Bxf3 b6 28. Qd5+ Qxd5 29. cxd5 Kf7 30. Kc2 Ke7 31. Be2 Kd6 32. b4 axb4 33. axb4
Kc7 34. Kb3 Bh4 35. f3 Be7 36. Kc4 Bd6 37. Kc3 Kb7 38. Bb5 g5 39. Be8 Be7 40.
Bf7 Bd6 1/2-1/2

[Event "CYCC U10"]
[Site "Windsor CAN"]
[Date "2016.07.08"]
[Round "6.84"]
[White "Zhou, Aiden"]
[Black "Kang, Dorian"]
[Result "1-0"]
[WhiteElo "1847"]
[BlackElo "1790"]
[PlyCount "77"]
[EventDate "2016.07.05"]
[EventType "swiss"]
[EventRounds "7"]
[EventCountry "CAN"]

1. d4 Nf6 2. Bg5 e6 3. e4 h6 4. Bxf6 Qxf6 5. c3 b6 6. Bd3 Bb7 7. Ne2 c5 8. O-O
d5 9. e5 Qe7 10. f4 g6 11. Nd2 Nc6 12. Nf3 Rc8 13. Rc1 c4 14. Bc2 b5 15. b4
cxb3 16. axb3 a5 17. Bd3 Ba6 18. Ng3 Qa7 19. Qe2 Qb6 20. h4 Ba3 21. Rc2 Kd7 22.
h5 Rhg8 23. hxg6 fxg6 24. Nh4 Ne7 25. Ra1 Bb4 26. Rac1 Bxc3 27. Rxc3 Rxc3 28.
Rxc3 Qxd4+ 29. Kh2 Qxc3 30. Bxb5+ Bxb5 31. Qxb5+ Qc6 32. Qxa5 Nc8 33. b4 g5 34.
Nh5 Rf8 35. Ng6 Rf5 36. Nf6+ Rxf6 37. exf6 Ke8 38. f7+ Kxf7 39. Ne5+ 1-0